000 01072nam a2200289Ia 4500
003 OSt
005 20220923211553.0
006 a|||||r|||| 00| 0
007 ta
008 220922b |||||||| |||| 00| 0 hin d
020 _a9789385450112 (hbk)
_c300
024 _a324,690
037 _b384, 10/03/2018, Eastern Book Linkers
_cTextual
040 _aARTS
_cARTS
_bhin
041 _2hin
_ahin
082 _aO152,1:g, Q6
100 _aपराशर, पंकज, ले.
_9156363
245 0 _aकविता के प्रश्न और प्रतिमान
246 _aKavitā ke prashna aur pratimāna
260 _aदिल्ली
_b अनन्य प्रकाशन
_c2016
300 _a152पृ.
_ccm.
650 _a हिन्दी आलोचना
650 _a हिन्दी साहित्य
_9156264
650 _aहिन्दी कविता
942 _hO152,1:g, Q6
_cTEXL
_2CC
999 _c300865
_d300865